[Event "San Jose subzonal 2.3c"]
[Site "San Jose"]
[Date "2018.03.25"]
[Round "2"]
[White "Jimenez Garcia, Emanuel"]
[Black "Solis, Efren"]
[Result "1-0"]
[WhiteElo "2276"]
[BlackElo "2037"]
[PlyCount "120"]
[EventDate "2018.03.25"]
[EventType "swiss"]
[EventRounds "9"]
[EventCountry "CRI"]
[SourceTitle "EXT 2019"]
[Source "ChessBase"]
[SourceDate "2018.10.10"]
[SourceVersion "1"]
[SourceVersionDate "2018.10.10"]
[SourceQuality "1"]

1. Nf3 g6 2. g3 Bg7 3. Bg2 d6 4. c4 e5 5. Nc3 Ne7 6. b3 c5 7. Bb2 Nbc6 8. 0-0 0-0 9. d3 a6 10. e3 Bd7 11. Qd2 Qc7 12. Rac1 Rad8 13. Rfd1 Qc8 14. Ne2 h6 15. d4 Bg4 16. d5 Nb8 17. Ne1 g5 18. Nd3 Nd7 19. f3 Bh5 20. g4 Bg6 21. e4 Bh7 22. Ng3 Ng6 23. Nf5 Qc7 24. h4 f6 25. Kf2 Nf4 26. Rh1 Bxf5 27. exf5 Rfe8 28. Rce1 b5 29. Nxf4 gxf4 30. Bf1 Rb8 31. Bd3 Kf7 32. Rhg1 Rh8 33. Qe2 Qa5 34. Bc1 Rhe8 35. g5 hxg5 36. hxg5 fxg5 37. Rxg5 Qd8 38. f6 Bxf6 39. Bg6+ Ke7 40. Bxf4 Rg8 41. Reg1 Qf8 42. Rh5 Kd8 43. Bh6 Qe7 44. cxb5 axb5 45. Bd2 b4 46. Qa6 e4 47. Rh7 Bd4+ 48. Be3 Bxe3+ 49. Kxe3 Rg7 50. Rh8+ Nf8 51. Qa5+ Kc8 52. Qa6+ Kc7 53. Qa5+ Rb6 54. Qa7+ Rb7 55. Qa8 exf3+ 56. Be4 Kb6 57. Rxg7 Qxg7 58. Qd8+ Rc7 59. Qxd6+ Ka7 60. Qxf8 Qc3+ 1-0

[Event "Managua Sub zt 2.3"]
[Site "Managua"]
[Date "2014.04.28"]
[Round "3"]
[White "Solis, Efren"]
[Black "Gavarrete, Nahun"]
[Result "1-0"]
[WhiteElo "2051"]
[BlackElo "2167"]
[PlyCount "141"]
[EventDate "2014.04.27"]
[EventType "swiss"]
[EventRounds "9"]
[EventCountry "NCA"]
[SourceTitle "EXT 2015"]
[Source "ChessBase"]
[SourceDate "2014.11.20"]
[SourceVersion "1"]
[SourceVersionDate "2014.11.20"]
[SourceQuality "1"]

1. e4 c5 2. f4 d5 3. e5 Bf5 4. d3 e6 5. Be3 Nc6 6. Nd2 Bg6 7. Ngf3 Nh6 8. h3 Nf5 9. Bf2 h5 10. g3 Qc7 11. Bg2 0-0-0 12. 0-0 Be7 13. a3 Kb8 14. c3 d4 15. Ne4 dxc3 16. bxc3 h4 17. Nxh4 Nxh4 18. gxh4 c4 19. d4 Bxh4 20. Qf3 Be7 21. Rfb1 Rd5 22. Rb2 Qa5 23. Qe3 Kc7 24. Nd6 Bxd6 25. Bxd5 Qxd5 26. exd6+ Qxd6 27. f5 Bxf5 28. Bg3 e5 29. dxe5 Qe6 30. h4 Kc8 31. Re1 Rd8 32. Rd2 Bd3 33. Qg5 Ne7 34. Rg2 Nf5 35. Bf2 b6 36. Qf4 Rd5 37. Rg5 Ra5 38. Qf3 Kb8 39. Rh5 Rxa3 40. Rh8+ Kc7 41. Qa8 Ra2 42. Rb8 Qg6+ 43. Kh1 Qc6+ 44. Qxc6+ Kxc6 45. Kg1 Kd7 46. Ra8 Ra5 47. Kg2 Ne7 48. Kf3 Nc8 49. Bg3 Ra3 50. Rc1 Bf5 51. e6+ Bxe6 52. Ke4 b5 53. Rb8 Kc6 54. Kd4 Ra2 55. Ke3 Rg2 56. Bf4 Bg4 57. Re1 Rc2 58. Be5 f6 59. Bd4 Kc7 60. Rxb5 Nd6 61. Rc5+ Kd7 62. Kf4 Be2 63. Ra1 Bd3 64. Rxa7+ Ke6 65. Rc6 Kd5 66. Rca6 Ne4 67. Rb6 g5+ 68. hxg5 fxg5+ 69. Kf3 Rxc3 70. Ke3 Bf1+ 71. Bxc3 1-0